000 00656nam a2200181Ia 4500
003 IN-BaIIA
008 211028s9999 xx 000 0 eng d
040 _cIIA Library
080 _a083.7:621.315.2
_bISI
110 _aIndian Standards Institution
245 0 _aIndian Standard Specification for PVC Insulated (Heavy Duty) Electric Cables
_bpt. II, for working voltage from 3.3 KV upto
_cIndian Standards Institution
260 _aNew Delhi
_bIndian Standards Institution
_c1977
300 _a24p.
650 _aNASA Thesaurus
650 _aPVC Insulated Electric Cables
_911547
650 _aStandards
_98876
942 _cBK
999 _c6736
_d6736